<?xml version="1.0" encoding="UTF-8"?>
<collection xmlns="http://www.loc.gov/MARC21/slim">
  <record>
    <leader>00000nam  2200000   4500</leader>
    <controlfield tag="001">INLIS000000000012386</controlfield>
    <controlfield tag="005">20220426124352</controlfield>
    <datafield tag="035" ind1="#" ind2="#">
      <subfield code="a">0010-0422000268</subfield>
    </datafield>
    <datafield tag="245" ind1="1" ind2="#">
      <subfield code="a">SISTEM INFORMASI PEMELIHARAAN KENDARAAN DINAS (SIPEMDA) SEKRETARIAT DPRD KOTA BONTANGv /</subfield>
      <subfield code="c">PAISAL, ST</subfield>
    </datafield>
    <datafield tag="100" ind1=" " ind2="#">
      <subfield code="a">PAISAL</subfield>
    </datafield>
    <datafield tag="250" ind1="#" ind2="#">
      <subfield code="a">1</subfield>
    </datafield>
    <datafield tag="300" ind1="#" ind2="#">
      <subfield code="a">42 halaman ; lampiran :</subfield>
      <subfield code="b">ilustrasi ;</subfield>
      <subfield code="c">30 cm</subfield>
    </datafield>
    <datafield tag="260" ind1="#" ind2="#">
      <subfield code="a">Samarinda :</subfield>
      <subfield code="b">Puslatbang KDOD,</subfield>
      <subfield code="c">2021</subfield>
    </datafield>
    <datafield tag="084" ind1="#" ind2="#">
      <subfield code="a">PKP 269 2021</subfield>
    </datafield>
    <datafield tag="650" ind1="#" ind2="4">
      <subfield code="a">Proyek Perubahan</subfield>
    </datafield>
    <datafield tag="650" ind1="#" ind2="4">
      <subfield code="a">Kepemimpinan Pengawas</subfield>
    </datafield>
    <datafield tag="650" ind1="#" ind2="4">
      <subfield code="a">sistem informasi</subfield>
    </datafield>
    <datafield tag="650" ind1="#" ind2="4">
      <subfield code="a">teknologi informasi</subfield>
    </datafield>
    <datafield tag="650" ind1="#" ind2="4">
      <subfield code="a">manajemen database</subfield>
    </datafield>
    <datafield tag="650" ind1="#" ind2="4">
      <subfield code="a">manajemen data</subfield>
    </datafield>
    <datafield tag="650" ind1="#" ind2="4">
      <subfield code="a">barang milik negara</subfield>
    </datafield>
    <datafield tag="650" ind1="#" ind2="4">
      <subfield code="a">kendaraan dinas</subfield>
    </datafield>
    <datafield tag="520" ind1="#" ind2="#">
      <subfield code="a">Laporan proyek perubahan ini menjelaskan tentang adanya pemegang kendaraan langsung ke bengkel tanpa koordinasi dengan petugas dan persetujuan pimpinan, jumlah tagihan pemeliharaan melebihi anggaran, catatan dan evaluasi dari Tim Auditor dan hasil survey IKM khususnya pelayanan sarana prasarana mendapatkan nilai C pada tahun 2020. Proyek perubahan Sistem Informasi Pemeliharaan Kendaraan Dinas (SIPEMDA) adalah aplikasi fasilitas untuk menyimpan database untuk memudahkan koordinasi pemeliharaan kendaraan dinas.</subfield>
    </datafield>
    <datafield tag="500" ind1="#" ind2="#">
      <subfield code="a">Coach : M. Abdi Rahman, S.Sos, M.Si&#13;
Penguji : Dr. Rahmat, MA&#13;
Mentor : Dr. Muhammad Rodiansyah, S.E.,M.Si.,Ak.CA</subfield>
    </datafield>
    <datafield tag="990" ind1="#" ind2="#">
      <subfield code="a">PKP/269/2021</subfield>
    </datafield>
  </record>
</collection>
